000 00416nam a2200169Ia 4500
003 GCL
008 140319s9999 xx 000 0 eng d
040 _aGCL /
_cGCL
082 0 4 _a823.087
_bB H
100 1 _aBROOKNER, ANITA
245 1 0 _aHOTEL DU LAC /
_cBROOKNER, ANITA
260 _a[S.N] :
_bLONGMAN ،
_c1995
650 0 4 _aENGLISH LITERATURE
650 0 4 _aLITERATURE
650 0 4 _aFICTION
942 _2ddc
_cBK
999 _c24984
_d24984